00866nam a22002537a 450000500170000001000130001702000210003003500130005103700160006404000120008008200130009210000250010524500830013026000540021327000400026730000240030749000170033150000510034865000220039965000300042194200220045199900190047395201200049220170124105949.0 aA-708632 c00.00a818582507 aA-708632 bCen Lib/Ret aDPLbEN a291bTUL aTulpule, S.G.912985 aDivine name in the indian tradition :cby S.G. Tulpule ba comparative study / aShimlabIndian Institute of Advanced Study c1991 bShimla aRashtrapati Nivas e171005 axi, 269p.c20cm(Hb) aMonograph 70 aIncludes bibliographical references and index  aMysticism 910960 aIndian traditions 912986 2ddccENh291mTUL c125094d125094 00104070aLbLd2015-06-19eCen Lib/Retg0.00l0o291 TULpA-708632r2015-06-19 00:00:00t1v0.00w2015-06-19yEN